[Event "EU-ch rapid"]
[Site "Katowice"]
[Date "2017.12.16"]
[Round "5"]
[White "Gajewski, Grzegorz"]
[Black "Lavendelis, Egons"]
[Result "1-0"]
[WhiteElo "2601"]
[BlackElo "2278"]
[PlyCount "85"]
[EventDate "2017.12.16"]
[EventType "swiss (rapid)"]
[EventRounds "11"]
[EventCountry "POL"]
[SourceTitle "CBM 182 Extra"]
[Source "ChessBase"]
[SourceDate "2018.02.23"]
[SourceVersion "1"]
[SourceVersionDate "2018.02.23"]
[SourceQuality "1"]

1. d4 Nf6 2. Nf3 g6 3. g3 Bg7 4. Bg2 0-0 5. 0-0 d5 6. Nbd2 c6 7. b3 Ne4 8. Bb2 f5 9. Ne5 Nd7 10. Ndf3 e6 11. e3 g5 12. h3 c5 13. c4 cxd4 14. Bxd4 Nxe5 15. Nxe5 dxc4 16. Nxc4 Bxd4 17. exd4 b5 18. Nd2 Qxd4 19. Nxe4 Qxd1 20. Raxd1 fxe4 21. Bxe4 Rb8 22. Rfe1 h6 23. b4 Kf7 24. Rc1 Re8 25. Re3 Re7 26. Rf3+ Kg7 27. Rfc3 Ba6 28. Rc7 Kf6 29. Rxe7 Kxe7 30. Rc7+ Kd6 31. Rxa7 Rb6 32. Rh7 Bc8 33. Rxh6 Ra6 34. Rg6 Rxa2 35. Rxg5 Bd7 36. h4 Rb2 37. h5 Rxb4 38. f3 Bc6 39. Bxc6 Kxc6 40. h6 Rb1+ 41. Kg2 Rb2+ 42. Kh3 Rb1 43. Rh5 1-0

[Event "EU-ch rapid"]
[Site "Katowice"]
[Date "2017.12.16"]
[Round "3"]
[White "Lavendelis, Egons"]
[Black "Siekanska, Izabela"]
[Result "1-0"]
[WhiteElo "2278"]
[BlackElo "2110"]
[PlyCount "62"]
[EventDate "2017.12.16"]
[EventType "swiss (rapid)"]
[EventRounds "11"]
[EventCountry "POL"]
[SourceTitle "CBM 182 Extra"]
[Source "ChessBase"]
[SourceDate "2018.02.23"]
[SourceVersion "1"]
[SourceVersionDate "2018.02.23"]
[SourceQuality "1"]

1. e4 e6 2. f4 d5 3. e5 c5 4. Nf3 Nc6 5. c3 f6 6. exf6 Nxf6 7. d4 Qb6 8. Bd3 Bd7 9. dxc5 Bxc5 10. Qe2 a5 11. Nbd2 0-0 12. Nb3 Bd6 13. Be3 Qc7 14. Nc5 Rae8 15. Nxd7 Qxd7 16. 0-0-0 e5 17. fxe5 Nxe5 18. Bb5 Nc6 19. Qd3 Qg4 20. Bg5 Bf4+ 21. Bxf4 Qxf4+ 22. Kb1 Re3 23. Qd2 Ne7 24. Rhf1 Ne4 25. Qc2 Qc7 26. Nd4 Rxf1 27. Rxf1 Qe5 28. Nf3 Qc7 29. Nd4 Nd6 30. Bd3 g6 31. Qf2 Qd8 1-0

[Event "EU-ch blitz"]
[Site "Katowice"]
[Date "2017.12.15"]
[Round "18"]
[White "Lavendelis, Egons"]
[Black "Laurusas, Tomas"]
[Result "0-1"]
[WhiteElo "2278"]
[BlackElo "2423"]
[PlyCount "90"]
[EventDate "2017.12.15"]
[EventType "swiss (blitz)"]
[EventRounds "22"]
[EventCountry "POL"]
[SourceTitle "CBM 182 Extra"]
[Source "ChessBase"]
[SourceDate "2018.02.23"]
[SourceVersion "1"]
[SourceVersionDate "2018.02.23"]
[SourceQuality "1"]

1. e4 c6 2. d4 d5 3. Nc3 a6 4. Nf3 Bg4 5. Be3 e6 6. h3 Bh5 7. e5 Nd7 8. g4 Bg6 9. Bg2 Ne7 10. Ne2 c5 11. c3 Nc6 12. Qd2 cxd4 13. cxd4 Bb4 14. Nc3 Nb6 15. 0-0 Nc4 16. Qe2 0-0 17. Rac1 Rc8 18. b3 Na3 19. Na4 Nb5 20. Nc5 Ba3 21. Nxb7 Qe7 22. Nc5 Bxc1 23. Rxc1 Nb4 24. a4 Na7 25. Bg5 Qe8 26. Nh4 Nac6 27. Be3 Qe7 28. Nxg6 hxg6 29. Qd2 a5 30. Bf1 Nd8 31. Bb5 Rc7 32. Bg5 f6 33. exf6 gxf6 34. Bh6 Rf7 35. Be3 Nb7 36. Nxb7 Rxc1+ 37. Qxc1 Qxb7 38. Bf4 Qe7 39. Qc8+ Kh7 40. Qa8 e5 41. dxe5 fxe5 42. Bd2 Qc5 43. Be1 Qc1 44. Kf1 Nc2 45. Qxd5 Ne3+ 0-1

[Event "EU-ch blitz"]
[Site "Katowice"]
[Date "2017.12.15"]
[Round "22"]
[White "Lavendelis, Egons"]
[Black "Olsen, Filip Boe"]
[Result "1-0"]
[WhiteElo "2278"]
[BlackElo "2294"]
[PlyCount "289"]
[EventDate "2017.12.15"]
[EventType "swiss (blitz)"]
[EventRounds "22"]
[EventCountry "POL"]
[SourceTitle "CBM 182 Extra"]
[Source "ChessBase"]
[SourceDate "2018.02.23"]
[SourceVersion "1"]
[SourceVersionDate "2018.02.23"]
[SourceQuality "1"]

1. e4 c6 2. d4 d5 3. Nc3 dxe4 4. Nxe4 Bf5 5. Nc5 e5 6. Nxb7 Qb6 7. Nc5 exd4 8. Nd3 Nf6 9. Nf3 Nbd7 10. Be2 Bd6 11. 0-0 0-0 12. Nd2 Qc7 13. g3 c5 14. Nc4 Be7 15. Bf4 Qd8 16. Bf3 Be4 17. Re1 Bxf3 18. Qxf3 Nb6 19. Nce5 Bd6 20. b3 Qc7 21. a4 Nbd5 22. Bd2 Rfe8 23. Nc4 Bf8 24. Nf4 Nb6 25. Qd3 Nxc4 26. Qxc4 Ne4 27. Qd3 Nxd2 28. Qxd2 g6 29. Qd3 Bg7 30. Rad1 Qd6 31. Qc4 Re7 32. Nd3 Bf8 33. Rxe7 Bxe7 34. Re1 Rc8 35. Re5 Bf8 36. f4 Qb6 37. Re4 Rd8 38. Re5 Rc8 39. Re2 Qa5 40. Ne5 Qc7 41. Ng4 h5 42. Nf6+ Kh8 43. Ne4 Kg8 44. Ng5 Bd6 45. Qd5 Rf8 46. Ne4 Be7 47. Nf2 Bd6 48. Nd3 Rd8 49. Qc4 Bf8 50. Ne5 Kg7 51. b4 Rc8 52. b5 Bd6 53. Nc6 Rf8 54. c3 dxc3 55. Qxc3+ Kg8 56. Qf6 a6 57. Rd2 axb5 58. Qxd6 Qxd6 59. Rxd6 bxa4 60. Rd5 a3 61. Rxc5 Ra8 62. Rc1 a2 63. Ra1 Ra6 64. Nb4 Ra4 65. Nxa2 Kg7 66. Kf2 Kf6 67. Ke2 Kf5 68. h3 Kf6 69. Kd3 Kf5 70. Kc2 h4 71. Kb3 Ra8 72. gxh4 Kxf4 73. Rg1 Rh8 74. Rg4+ Kf3 75. Nb4 f5 76. Rxg6 Rxh4 77. Nd5 Rxh3 78. Kc4 Ke4 79. Re6+ Kf3 80. Kd4 Rh4+ 81. Kd3 Ra4 82. Rh6 Ra3+ 83. Kd4 Ra4+ 84. Ke5 Ra5 85. Rf6 Ke2 86. Rxf5 Ra4 87. Rh5 Kd2 88. Rh2+ Kd3 89. Rh3+ Kd2 90. Nb6 Rb4 91. Nd7 Rb5+ 92. Kd4 Rb4+ 93. Kd5 Rg4 94. Ne5 Rg5 95. Kd4 Kc2 96. Rc3+ Kb2 97. Nd3+ Ka2 98. Rc8 Rg4+ 99. Kc3 Ra4 100. Rh8 Ra7 101. Nb4+ Ka3 102. Nc2+ Ka2 103. Ne3 Rc7+ 104. Nc4 Kb1 105. Rh2 Rg7 106. Ne5 Rg3+ 107. Nd3 Rf3 108. Rb2+ Ka1 109. Rb5 Rh3 110. Kd2 Rh2+ 111. Ke3 Rh3+ 112. Ke2 Rh2+ 113. Nf2 Rh8 114. Kd2 Rd8+ 115. Nd3 Rc8 116. Nc5 Ka2 117. Kc2 Ka3 118. Rb3+ Ka2 119. Rc3 Rh8 120. Rc4 Rh2+ 121. Kc3 Rh3+ 122. Nd3 Kb1 123. Rb4+ Ka2 124. Rb8 Rg3 125. Rb7 Rh3 126. Rb2+ Ka1 127. Rd2 Rg3 128. Kb3 Rg1 129. Nf4 Rg3+ 130. Kc2 Ka2 131. Ne2 Rh3 132. Rd4 Ka3 133. Re4 Rh2 134. Kd2 Rh3 135. Nc3 Kb3 136. Nd5 Rh2+ 137. Kd3 Rh3+ 138. Ne3 Rg3 139. Re8 Rh3 140. Rb8+ Ka3 141. Kd2 Rh2+ 142. Kc3 Ka4 143. Nf5 Rh3+ 144. Kc4 Rf3 145. Ra8# 1-0

[Event "EU-ch blitz"]
[Site "Katowice"]
[Date "2017.12.15"]
[Round "16"]
[White "Meskovs, Nikita"]
[Black "Lavendelis, Egons"]
[Result "0-1"]
[WhiteElo "2538"]
[BlackElo "2278"]
[PlyCount "70"]
[EventDate "2017.12.15"]
[EventType "swiss (blitz)"]
[EventRounds "22"]
[EventCountry "POL"]
[SourceTitle "CBM 182 Extra"]
[Source "ChessBase"]
[SourceDate "2018.02.23"]
[SourceVersion "1"]
[SourceVersionDate "2018.02.23"]
[SourceQuality "1"]

1. Nf3 Nf6 2. b3 d5 3. Bb2 e6 4. e3 Be7 5. d4 0-0 6. Bd3 b6 7. Nbd2 Bb7 8. 0-0 c5 9. Qe2 Nbd7 10. Rfd1 Rc8 11. Rac1 Qc7 12. c4 Qb8 13. a3 Rfd8 14. cxd5 Nxd5 15. Nc4 Bf6 16. Bb1 cxd4 17. Nxd4 Nc5 18. b4 Nd7 19. g3 Ne5 20. Nxe5 Bxe5 21. Rxc8 Rxc8 22. Qd3 g6 23. Rc1 Rxc1+ 24. Bxc1 Qc7 25. Bd2 a6 26. e4 Ne7 27. Nf3 Bg7 28. Qe3 b5 29. Bd3 Nc6 30. Be2 Ne5 31. Nxe5 Bxe5 32. f4 Bb2 33. e5 Qc6 34. Kf2 Qd5 35. Bf1 Bd4 0-1

[Event "EU-ch blitz"]
[Site "Katowice"]
[Date "2017.12.15"]
[Round "13"]
[White "Pultinevicius, Paulius"]
[Black "Lavendelis, Egons"]
[Result "1-0"]
[WhiteElo "2371"]
[BlackElo "2278"]
[PlyCount "115"]
[EventDate "2017.12.15"]
[EventType "swiss (blitz)"]
[EventRounds "22"]
[EventCountry "POL"]
[SourceTitle "CBM 182 Extra"]
[Source "ChessBase"]
[SourceDate "2018.02.23"]
[SourceVersion "1"]
[SourceVersionDate "2018.02.23"]
[SourceQuality "1"]

1. Nf3 Nf6 2. b3 d5 3. Bb2 e6 4. g3 c5 5. Bg2 Nc6 6. 0-0 Be7 7. d4 b6 8. dxc5 bxc5 9. c4 0-0 10. cxd5 exd5 11. Nc3 Bb7 12. Rc1 Rc8 13. Nh4 d4 14. Na4 Na5 15. Bxb7 Nxb7 16. Nf5 Re8 17. Nxe7+ Qxe7 18. Re1 Nd5 19. Ba3 a5 20. e3 Nb4 21. Bxb4 axb4 22. exd4 Qxe1+ 23. Qxe1 Rxe1+ 24. Rxe1 cxd4 25. Nb6 Rd8 26. Nd5 Kf8 27. Nxb4 d3 28. Rd1 Nc5 29. f3 Ke7 30. Kf2 Ke6 31. Ke3 Ra8 32. Rd2 Nd7 33. Nxd3 Nf6 34. Nf4+ Ke7 35. h4 Nd7 36. Nd5+ Kf8 37. Nc7 Rd8 38. a4 Ke7 39. a5 Rc8 40. Nd5+ Ke6 41. Nf4+ Ke7 42. Nd5+ Ke6 43. Nf4+ Ke7 44. Kd4 Rb8 45. Kc3 Ne5 46. b4 Nxf3 47. Re2+ Kd6 48. a6 Ne5 49. Ra2 Nd7 50. a7 Rc8+ 51. Kb3 Nb6 52. Nd3 Na8 53. Nc5 Re8 54. Kc4 Kc6 55. Ra6+ Nb6+ 56. Rxb6+ Kxb6 57. Kd5 Re3 58. a8Q 1-0

[Event "EU-Cup 33rd"]
[Site "Antalya"]
[Date "2017.10.13"]
[Round "6.5"]
[White "Wiersma, Eelke"]
[Black "Lavendelis, Egons"]
[Result "1/2-1/2"]
[WhiteElo "2341"]
[BlackElo "2274"]
[PlyCount "60"]
[EventDate "2017.10.08"]
[EventType "team-swiss"]
[EventRounds "7"]
[EventCountry "TUR"]
[SourceTitle "CBM 181"]
[Source "ChessBase"]
[SourceDate "2017.11.10"]
[SourceVersion "1"]
[SourceVersionDate "2017.11.10"]
[SourceQuality "1"]
[WhiteTeam "Leiden LSG"]
[BlackTeam "Riga Technical Univ"]
[WhiteTeamCountry "NED"]
[BlackTeamCountry "LAT"]

1. d4 Nf6 2. c4 g6 3. Nc3 d5 4. cxd5 Nxd5 5. e4 Nxc3 6. bxc3 Bg7 7. Nf3 c5 8. Be3 Qa5 9. Nd2 cxd4 10. Nc4 Qd8 11. cxd4 0-0 12. Rc1 f5 13. Qb3 Kh8 14. Ne5 Bxe5 15. dxe5 Nc6 16. Bh6 Qa5+ 17. Qc3 Qxc3+ 18. Rxc3 Rd8 19. exf5 Bxf5 20. Be2 Rac8 21. Be3 Nxe5 22. Rxc8 Bxc8 23. Bxa7 Nd3+ 24. Bxd3 Rxd3 25. Ke2 Ra3 26. Bd4+ Kg8 27. Ra1 Be6 28. Bc5 Rxa2+ 29. Rxa2 Bxa2 30. Bxe7 b5 1/2-1/2

[Event "EU-Cup 33rd"]
[Site "Antalya"]
[Date "2017.10.08"]
[Round "1.5"]
[White "Thee, Bernd"]
[Black "Lavendelis, Egons"]
[Result "0-1"]
[WhiteElo "1907"]
[BlackElo "2274"]
[PlyCount "56"]
[EventDate "2017.10.08"]
[EventType "team-swiss"]
[EventRounds "7"]
[EventCountry "TUR"]
[SourceTitle "CBM 181"]
[Source "ChessBase"]
[SourceDate "2017.11.10"]
[SourceVersion "1"]
[SourceVersionDate "2017.11.10"]
[SourceQuality "1"]
[WhiteTeam "Adare"]
[BlackTeam "Riga Technical Univ"]
[WhiteTeamCountry "IRL"]
[BlackTeamCountry "LAT"]

1. e4 c5 2. c3 Nf6 3. e5 Nd5 4. Bc4 Nb6 5. Bb3 c4 6. Bc2 Nc6 7. Nf3 Qc7 8. 0-0 Nxe5 9. Nxe5 Qxe5 10. Re1 Qc7 11. a4 e6 12. d3 cxd3 13. Qxd3 Be7 14. Na3 a6 15. a5 Nd5 16. Nc4 b5 17. axb6 Nxb6 18. Ne5 d6 19. Ng4 h5 20. Ne3 Bb7 21. Bd2 Rc8 22. Re2 Kf8 23. Rae1 Nd7 24. Bb3 Nc5 25. Qc2 Be4 26. Qd1 Bd3 27. Nd5 Bxe2 28. Nxc7 Bxd1 0-1

[Event "Riga Tech op 7th"]
[Site "Riga"]
[Date "2017.08.09"]
[Round "4"]
[White "Lavendelis, Egons"]
[Black "Christiansen, Johan Sebastian"]
[Result "1/2-1/2"]
[WhiteElo "2271"]
[BlackElo "2475"]
[PlyCount "115"]
[EventDate "2017.08.07"]
[EventType "swiss"]
[EventRounds "9"]
[EventCountry "LAT"]
[SourceTitle "CBM 179 Extra"]
[Source "ChessBase"]
[SourceDate "2017.08.23"]
[SourceVersion "1"]
[SourceVersionDate "2017.08.23"]
[SourceQuality "1"]

1. e4 e6 2. f4 d5 3. e5 c5 4. Nf3 Nc6 5. c3 Nh6 6. Na3 Qb6 7. Nc2 Bd7 8. Be2 f6 9. exf6 gxf6 10. 0-0 Bd6 11. Kh1 0-0-0 12. d4 Rdg8 13. dxc5 Bxc5 14. b4 Be7 15. Be3 Qc7 16. Nfd4 Kb8 17. f5 Nxf5 18. Nxf5 exf5 19. Qxd5 Ne5 20. Nd4 Rd8 21. Bf4 Bc8 22. Qb3 Rhe8 23. Bh5 Rg8 24. Bf7 Rg4 25. Bd5 a6 26. h3 Rxf4 27. Rxf4 Ng4 28. Qc4 Bd6 29. hxg4 Bxf4 30. gxf5 Qe5 31. Rf1 Bd2 32. Be6 Bxc3 33. Qxc3 Qxd4 34. Qxd4 Rxd4 35. a3 Rd3 36. Rf4 Rxa3 37. Bxc8 Kxc8 38. Rh4 Ra4 39. Rh6 Rxb4 40. Rxf6 a5 41. Rf8+ Kd7 42. Rf7+ Kd6 43. Rxh7 a4 44. Rh8 b5 45. Ra8 Ke5 46. Kg1 Rb3 47. Kf2 a3 48. g4 b4 49. Ra5+ Kf4 50. f6 Kxg4 51. Ra4 Rf3+ 52. Ke2 Kg3 53. Rxb4 a2 54. Ra4 Kg2 55. Kd2 Rf1 56. f7 Rxf7 57. Kc2 Rf2+ 58. Kb3 1/2-1/2